Country Shapes Hidden in a Phoenix - Statistics

General Stats
  • This quiz has been taken 409 times
  • The average score is 11 of 15
Answers on the Map
Answers color-coded by a green-red scale on the quiz's map according to % correct below.
 
Answer Stats
Country % Correct
Vietnam
94%
Japan
88%
Australia
84%
Cameroon
84%
Afghanistan
81%
Argentina
80%
Benin
77%
Guinea
74%
Togo
73%
Turkmenistan
69%
Slovakia
66%
Uruguay
55%
Burkina Faso
50%
North Macedonia
43%
Honduras
36%
No matching quizzes found
Score Distribution
Percent of People with Each Score
Percentile by Number Answered
Your Score History
You have not taken this quiz